Movies Quiz

Random Movies or Year Quiz
Score 0/20 Timer 05:00
0 Plays Today
% Correct
Gone with the Wind
79%
12 Years a Slave
76.1%
Argo
67.1%
Forrest Gump
67%
The King's Speech
65.6%
Titanic
60.1%
No Country for Old Men
56.9%
Gladiator
55.7%
The Departed
55.5%
Annie Hall
55.3%
% Correct
Rocky
55%
One Flew Over the Cuckoo's Nest
53.3%
Dances with Wolves
51.5%
Gandhi
50.9%
Kramer vs. Kramer
50.6%
The Silence of the Lambs
50.3%
In the Heat of the Night
48%
Driving Miss Daisy
45.4%
Braveheart
44.9%
Hamlet
36.3%
Remove Ads.
Support Sporcle.
Get the best of Sporcle when you Go Orange. This ad-free experience offers more features, more stats, and more fun while also helping to support Sporcle. Thank you for becoming a member.

You're not logged in!

Compare scores with friends on all Sporcle quizzes.
OR
Log In

Show Comments

Extras

Top Quizzes Today


Score Distribution

Your Account Isn't Verified!

In order to create a playlist on Sporcle, you need to verify the email address you used during registration. Go to your Sporcle Settings to finish the process.

Report this User

Report this user for behavior that violates our Community Guidelines.

Details: